000 00443nam a2200193Ia 4500
003 OSt
005 20220928150628.0
006 a|||||r|||| 00| 0
007 ta
008 220927b |||||||| |||| 00| 0 eng d
024 _a97071
037 _cBound Volume
040 _aSDCL
_cSDCL
_beng
041 _2eng
_aeng
245 0 _aJournal of Accounting & Economic
260 _c0000
942 _cREF
_2CC
999 _c842523
_d842523